Marvel's Avengers: Age of Ultron Characters - Statistics

General Stats
  • This quiz has been taken 8,988 times
    8,582 since last reset
  • The average score is 15 of 17
Answer Stats
Actor/Actress Character Definition Character % Correct
Robert Downey Jr. The co-leader and benefactor of the Avengers, and a self-described genius, billionaire, playboy, and philanthropist with electromechanical suits of armor of his own invention Iron Man
100%
Scarlett Johansson An agile Avenger who formerly worked for S.H.I.E.L.D. as a highly trained spy Black Widow
99%
Chris Evans The co-leader of the Avengers, and a World War II veteran, who was enhanced to the peak of human physicality by experimental serum and frozen in suspended animation before waking up in the modern world Captain America
99%
Mark Ruffalo An Avenger and a genius scientist who, because of exposure to gamma radiation, transforms into a monster when enraged or agitated Hulk
99%
Chris Hemsworth An Avenger and the crown prince of Asgard Thor
99%
Jeremy Renner An Avenger and a master archer who previously worked as an agent for S.H.I.E.L.D. Hawkeye
96%
Elizabeth Olson A newly recruited Avenger, who initially allies with Ultron, and the twin sister of the above, who can harness magic and engage in hypnosis and telekenisis Scarlet Witch
91%
Paul Bettany An android created by Ultron Vision
88%
Samuel L. Jackson The former director of S.H.I.E.L.D. who originally recruited the Avengers and continues to be a mentor and leader for the team Nick Fury
86%
Anthony Mackie A pararescue man trained by the military in aerial combat using a specially designed wing pack and a friend of Steve Rogers Falcon
85%
Don Cheadle An officer in the U.S. Air Force and Tony Stark's close personal friend who operates the War Machine armor War Machine
85%
Aaron Taylor-Johnson A newly recruited Avenger, who initially allies with Ultron, and the twin brother of the below, and can move at superhuman speed Quicksilver
84%
Paul Bettany Tony Stark's A.I. companion J.A.R.V.I.S.
83%
James Spader An artificial intelligence developed by Tony Stark and Bruce Banner for a pilot peace program, successfully brought online through exposure to the Mind Gem within Loki's sceptre Ultron
80%
Hayley Atwell A retired officer with the SSR and a co-founder of S.H.I.E.L.D., who is a former love interest of Steve Rogers Peggy Carter
65%
Idris Elba The all-seeing, all-hearing Asgardian sentry of the Bifrost Bridge Heimdall
62%
Cobie Smulders A former high-ranking S.H.I.E.L.D. agent who now works for Stark Maria Hill
50%
No matching quizzes found
Score Distribution
Percent of People with Each Score
Percentile by Number Answered
Your Score History
You have not taken this quiz since the last reset